1883 1818 1755 1099 1100 1388 1060 1285 1475 1883 1161 1635 1018 1763 1688 1512 1639 1829 1889 1746 1855 1324 1866 1529 1986 1590 1780 1331 1101 1286 1911 1359 1127 1945 1116 1003 1824 1887 1936 1030 1828 1067 1846 1405 1492 1736 1489 1954 1281 1631 1588 1369 1962 1101 1673 1818 1753 1107 1283 1546 1204 1178 1375 1309 1028 1055 1574 1028 1681 1433 1262 1854 1135 1614 1474 1193 1441 1372 1503 1473 1621 1148 1953 1731 1306 1987 1414 1583 1802 1969 1355 1955 1534 1612 1007 1568 1614 1825 1893 BCNSPRNW ULIB Ver.6.0+V

เปลี่ยนเป็นภาษาไทย

Change to English
 แสดงรายละเอียดบรรณานุกรม
  กลับหน้าหลัก

Brief Record : Get Marc (ISO 2709) : E-mail record : QR code < ปิดหน้าต่าง
LEADER : 00000nam 2200000uu 4500
001    13399109767
003     ULIB
008    110404s2543||||th 000 0 tha d
060 04 WC140^bป352ค 2543
100 0  ประพิมพ์ พุทธิรักษ์กุล
245    คู่มือการฝึกปฏิบัติงานการป้องกันและควบคุมโรคติดต่อทางเพศสัมพันธ์สำหรับนักศึกษาพยาบาล /^cประพิมพ์ พุทธิรักษ์กุล
260    เชียงใหม่ :^bคณะพยาบาลศาสตร์ มหาวิทยาลัยเชียงใหม่,^c2543
300    89 หน้า
650  7 โรคติดต่อทางเพศ
650  7 คู่มือสำหรับพยาบาล
710  2 มหาวิทยาลัยเชียงใหม่. ^bคณะพยาบาลศาสตร์
945    ^p0^l0^i013639
995    ทศพร
999 ^a ใช้งานได้ทุกระบบ
รายการนี้ยังไม่มีแท็ก
คุณยังไม่ได้ล็อกอิน คุณสามารถมีกิจกรรมร่วมกับเว็บไซต์ได้ แต่ต้องล็อกอินก่อน ::
  ล็อกอิน

รายการสื่อสารสนเทศ

ลำดับที่ ประเภท เลขเรียก/บาร์โค้ด สถานที่ สถานะ
- ไม่พบข้อมูล -

รายการใกล้เคียง
    หัวเรื่อง [โรคติดต่อทางเพศ]

BibComment


ยังไม่เคยถูกคอมเมนท์

คอมเมนท์ทรัพยากรรายการนี้
  คอมเมนท์: คู่มือการฝึกปฏิบั..


 Copyright 2026. Bcnsprnw @Library